More than a score: the new uprising against high-stakes testing
Gorde:
| Egile nagusia: | |
|---|---|
| Formatua: | Liburua |
| Hizkuntza: | ingelesa |
| Argitaratua: |
Chicago
Haymarket Books
2014
|
| Edizioa: | 1a. ed |
| Gaiak: | |
| Etiketak: |
Etiketa erantsi
Etiketarik gabe, Izan zaitez lehena erregistro honi etiketa jartzen!
|
MARC
| LEADER | 00000cam a2200000 a 4500 | ||
|---|---|---|---|
| 001 | UCD3829 | ||
| 003 | CL-VaPUC | ||
| 008 | 160616e20140000us |||||||||||||||||eng|d | ||
| 020 | |a 9781608463923 | ||
| 082 | 0 | 4 | |a 371.262 |b HAG |2 21 |
| 100 | 0 | |a Hagopian, Jesse |e author |9 587427 | |
| 245 | 1 | 0 | |a More than a score: the new uprising against high-stakes testing |
| 250 | |a 1a. ed | ||
| 300 | |a 322 p | ||
| 942 | |c BK | ||
| 945 | |d 20160616 22:39:00 |a arojas | ||
| 260 | |a Chicago |b Haymarket Books |c 2014 | ||
| 650 | 7 | |a PRUEBAS EDUCACIONALES |2 CL-VaPUC |9 415967 | |
| 650 | 0 | |a Evaluación de la educación |9 237505 | |
| 650 | 7 | |a MEDICIONES |2 CL-VaPUC |9 314798 | |
| 650 | 7 | |a PRUEBAS ESTANDARIZADAS |2 CL-VaPUC |9 587428 | |
| 651 | 0 | |a Estados Unidos |9 255178 | |
| 583 | |a last modification |c 20180327 01:28:34 |k Rodrigo Vera | ||
| 999 | |c 364844 |d 364842 | ||
| 952 | |0 0 |1 0 |3 erb |4 0 |6 371_262000000000000_HAG_2014 |7 0 |8 A |9 478440 |a FDOPOS |b FDOPOS |i 5293162 |o 371.262 HAG 2014 |p 5293162 |r 2025-01-22 |w 2019-11-24 |y BK |z Catalogado en:20160616 |k MED | ||